Investičné životné poistenie - deterministický a stochastický prístup

Rozdiely deterministického a stochastického prístupu v investičnom životnom poistení pri ohodnocovaní jednotkovo viazaných produktov metódou peňažných tokov. Základy poistno-matematických výpočtov týchto produktov a náklady spojené so spravovaním poistných zmlúv.

Salvato in:
Dettagli Bibliografici
Autore principale: Majerníková, Kristína
Altri autori: Bilíková, Mária, 1951-
Natura: Capitolo di libro
Lingua:slovacco
Soggetti:
Tags: Aggiungi Tag
Nessun Tag, puoi essere il primo ad aggiungerne!!

MARC

LEADER 00000nla$a2200000$$$4500
001 0143267
005 20240502072552.7
041 0 |a slo 
044 |a SK 
245 1 0 |a Investičné životné poistenie - deterministický a stochastický prístup  |c Kristína Majerníková, Mária Bilíková 
520 |a Rozdiely deterministického a stochastického prístupu v investičnom životnom poistení pri ohodnocovaní jednotkovo viazaných produktov metódou peňažných tokov. Základy poistno-matematických výpočtov týchto produktov a náklady spojené so spravovaním poistných zmlúv. 
610 2 0 |a poisťovníctvo 
610 2 0 |a poisťovne 
610 2 0 |a poistenie 
610 2 0 |a poistenie životné investičné 
610 2 0 |a riziko poistné 
610 2 0 |a metódy aktuárske 
610 2 0 |a modely stochastické 
610 2 0 |a matematika poistná 
100 1 |a Majerníková, Kristína 
700 1 |a Bilíková, Mária, 1951-